| 000 | 01008nam a22002537a 4500 | ||
|---|---|---|---|
| 999 |
_c15016 _d15016 |
||
| 003 | dpl0 | ||
| 005 | 20181130140531.0 | ||
| 008 | 080822t xxu||||| |||| 00| 0 eng d | ||
| 010 | _aB-284575 | ||
| 020 |
_a8180543838 _c295.00 |
||
| 035 | _aB-284575,B-275370, B-275389 | ||
| 037 | _aSultan Chand | ||
| 040 |
_aDPL _bENG _c0 |
||
| 082 | _a338.5024658 | ||
| 100 | _aVarshney, R.L. | ||
| 245 |
_aManagerial economics: _btext, problems & cases / _cby R.L.Varshney [and] K.L.Maheshwari |
||
| 250 | _a19th rev. & enl. ed. | ||
| 260 |
_aNew Delhi _bSultan Chand & Sons _c2008 (repr.) |
||
| 300 |
_aVarious pagings; _b24cm (Pbk) |
||
| 700 | _aMaheshwari, K.L. | ||
| 942 |
_2ddc _cEN _h338.5024658 _mVAR |
||